Atenció al ciutadà : manual del formador / [text: Verdú Ledesma] manual del formador / [text:
Descripción Física:
[2] v. ; 30 cm
Colección:
Manuals de formació municipal ; 2
MARC
| LEADER | 00000nam a2200000Ia 4500 | ||
|---|---|---|---|
| 001 | 15323 | ||
| 008 | 160829s2002 xx 000 0 cat d | ||
| 080 | |a FU-36-14 | ||
| 100 | |a Ledesma, Verdú |9 24965 | ||
| 245 | |a Atenció al ciutadà : |b manual del formador / [text: |b Verdú Ledesma] | ||
| 260 | |a Barcelona : |b Diputació de Barcelona, [Servei de Formació Local], |c 2002 | ||
| 300 | |a [2] v. ; |c 30 cm | ||
| 490 | |a Manuals de formació municipal ; 2 | ||
| 650 | |a Servei d'atenció al públic |9 30796 | ||
| 650 | 0 | |a Administració local |x Barcelona (Catalunya : Província) |9 30797 | |
| 710 | |a Barcelona (Catalunya : Província). |b Servei de Formació Local |9 53659 | ||
| 901 | |a Arxiu | ||
| 942 | |n 1 | ||
| 952 | |0 0 |1 0 |4 0 |6 FU3614 |7 1 |9 45913 |a Arxiu |b Arxiu |d 2016-12-01 |l 0 |o FU-36-14 |p 15323 |r 2016-12-01 00:00:00 |w 2016-12-01 |y ARXIU | ||
| 999 | |c 49414 |d 49414 | ||